Není to konec světa /
Globální oteplování, ztráta biodiverzity nebo oceány plné plastů jsou zásadní problémy. Autorka rozebírá sedm hlavních environmentálních výzev lidstva a navrhuje, jak je můžeme zvládnout a dosáhnout skutečné udržitelnosti.
Uloženo v:
| Hlavní autor: | |
|---|---|
| Další autoři: | |
| Médium: | E-kniha |
| Jazyk: | Czech |
| Vydáno: |
V Brně :
Jan Melvil Publishing,
2024
|
| Vydání: | Vydání první |
| Edice: | Pod povrchem
|
| Témata: | |
| Tagy: |
Žádné tagy |
| LEADER | 02620nam a2200601 i 4500 | ||
|---|---|---|---|
| 001 | 312551 | ||
| 003 | CZ PrSKC | ||
| 005 | 20260601215724.0 | ||
| 007 | ta | ||
| 008 | 241112s2024 xr a e f 001 0 cze | ||
| 015 | |a cnb003642738 | ||
| 020 | |a 9788075552365 |q (brožováno) | ||
| 035 | |a (OCoLC)1483791674 | ||
| 040 | |a OLA001 |b cze |d ABA001 |e rda | ||
| 041 | 1 | |a cze |h eng | |
| 072 | 7 | |a 502 |x Životní prostředí a jeho ochrana |2 Konspekt | |
| 080 | |a 502.131.1 |2 MRF | ||
| 080 | |a 316.728:502.1 |2 MRF | ||
| 080 | |a 504 |2 MRF | ||
| 080 | |a 502.17 |2 MRF | ||
| 080 | |a (0.062) |2 MRF | ||
| 100 | 1 | |a Ritchie, Hannah, |d 1993- |7 xx0316210 |4 aut | |
| 240 | 1 | 0 | |a Not the end of the world. |l Česky |
| 245 | 1 | 0 | |a Není to konec světa / |c Hannah Ritchie ; překlad Petr Oliver |
| 250 | |a Vydání první | ||
| 264 | 1 | |a V Brně : |b Jan Melvil Publishing, |c 2024 | |
| 300 | |a 364 stran : |b ilustrace (některé barevné) ; |c 22 cm | ||
| 336 | |a text |b txt |2 rdacontent | ||
| 337 | |a bez média |b n |2 rdamedia | ||
| 338 | |a svazek |b nc |2 rdacarrier | ||
| 490 | 1 | |a Pod povrchem | |
| 500 | |a Přeloženo z angličtiny | ||
| 500 | |a Obálkový podnázev: jak se stát první generací, která vytvoří udržitelnou planetu | ||
| 500 | |a Obálka s výřezem | ||
| 504 | |a Obsahuje bibliografické odkazy a rejstřík | ||
| 520 | 2 | |a Globální oteplování, ztráta biodiverzity nebo oceány plné plastů jsou zásadní problémy. Autorka rozebírá sedm hlavních environmentálních výzev lidstva a navrhuje, jak je můžeme zvládnout a dosáhnout skutečné udržitelnosti. | |
| 650 | 0 | 7 | |a udržitelný rozvoj |7 ph126768 |2 czenas |
| 650 | 0 | 7 | |a udržitelný život |7 ph126769 |2 czenas |
| 650 | 0 | 7 | |a globální problémy životního prostředí |7 ph120569 |2 czenas |
| 650 | 0 | 7 | |a ochrana životního prostředí |7 ph115553 |2 czenas |
| 650 | 0 | 9 | |a sustainable development |2 eczenas |
| 650 | 0 | 9 | |a sustainable life |2 eczenas |
| 650 | 0 | 9 | |a global environmental change |2 eczenas |
| 650 | 0 | 9 | |a environmental protection |2 eczenas |
| 655 | 7 | |a populárně-naučné publikace |7 fd131864 |2 czenas | |
| 655 | 9 | |a popular works |2 eczenas | |
| 700 | 1 | |a Oliver, Petr, |d 1978- |7 xx0124330 |4 trl | |
| 830 | 0 | |a Pod povrchem | |
| 900 | |a ABA001 |b 20 | ||
| 044 | |a xr | ||
| 910 | |a RBIT002 | ||
| 998 | |d 415148 |a https://core.palmknihy.cz/api/books/415148/cover?sm44pd |b https://core.palmknihy.cz/api/books/415148/cover/400?sm44pd |c https://core.palmknihy.cz/api/books/415148/cover/50?sm44pd |e |g 364 |i 9788075552365 |j https://core.palmknihy.cz/api/books/415148/preview.epub |l |q 49 |r 1 |s https://www.palmknihy.cz/kniha/415148 |t ebook |y 2024 |z 0 | ||
| 999 | |d 312549 | ||